| 000 | 00370nam a22001457a 4500 | ||
|---|---|---|---|
| 005 | 20250612120134.0 | ||
| 008 | 250612b |||||||| |||| 00| 0 eng d | ||
| 020 | _a9780800634810 | ||
| 050 |
_aBS543 _bCHI |
||
| 100 | _aCHILDS S. BREVARD | ||
| 245 | _aBIBLICAL THEOLOGY A PROPOSAL | ||
| 260 |
_aMINNEAPOLIS _bFORTRESS PRESS _cc2002 |
||
| 300 | _a90p | ||
| 942 |
_2lcc _cBK _n0 |
||
| 999 |
_c6423 _d6423 |
||